Pro Athletes Colleges - Statistics

General Stats
  • This quiz has been taken 51 times
  • The average score is 11 of 16
Answer Stats
Picture Answer % Correct
Tom Brady
98%
Bo Jackson
96%
Tim Tebow
96%
Charles Barkley
93%
Cam Newton
85%
Robert Griffin III
83%
Steve Nash
78%
Jameis Winston
74%
Joe Montana
70%
Bo Nix
65%
Deion Sanders
65%
Jerry Rice
52%
Odell Beckham Jr
52%
Randy Johnson
52%
Devin Booker
50%
Max Scherzer
24%
No matching quizzes found
Score Distribution
Percent of People with Each Score
Percentile by Number Answered
Your Score History
You have not taken this quiz